000 00679nam a2200229 a 4500
001 BRL_70
005 20190320210557.0
008 721101s1986----dk-a######---#000-0#eng-#
041 _aeng
044 _adk
050 4 _aTT1
_b.W67 1985
110 2 _aWorld Crafts Council
_922826
245 1 0 _aAnnual report 1985
_bWorld Crafts Council
260 _aDinamarca
_bWorld Crafts Council
_c1986
300 _a126 p.
_bil. (algunas a color)
_c21 cm.
500 _aAu20, Au21, Au22, Au23, Au24, Au25, Au26, Au28.
500 _aLa biblioteca tiene 8 ejemplares
650 1 4 _aArtesanĂ­as
_xCongresos
_922827
650 1 4 _aArtesanos
_xCongresos
_922828
902 _aGRL
942 _2lcc
_cB
999 _c8883
_d8883